01912nam a2200421Ii 4500001001300000003000800013007001500021008004100036006001900077020001800096035002200114050001800136100006000154245021200214264007200426300002300498336002600521337002600547338003600573347002100609347000800630490003100638504004100669588008100710650004600791650004200837655003300879655002200912791003600934793006800970776021201038830003201250856007201282910002901354942000801383952008001391999001901471DIGUNSAL0072NyNyDIGcr |||||||||||220602s2016 sp ob 000 0 spa dm o d  z9788490126042 a(OCoLC)133864580114aR608.A1 ebook1 aDíaz-Regañón Labajo, María Aránzazu,eauthor.13aEl exilio científico republicano en Argentina :bcontribuciones e impacto de los médicos, biomédicos y psicoanalistas españoles en la ciencia argentina (1936-2003) /cMa. Aránzazu Díaz-R. Labajo 1aSalamanca (España) :bEdiciones Universidad de Salamanca,c[2016] a1 online resource. atextbtxt2rdacontent acomputerbc2rdamedia aonline resourcebcr2rdacarrier atext file2rdaft bPDF1 aColección Vítor ;v393 aIncludes bibliographical references.0 aOnline resource; title from PDF title page (Digitalia, viewed June 02, 2022) 0aScientistszSpainxHistoryy20th century. 0aExileszSpainxHistoryy20th century. 0aSciencezArgentinaxHistory. 0aElectronic books.2 aDigitalia (Firm),edistributor.0 gDigitalia eBook Collection:aEdiciones Universidad de Salamanca08iPrint version:aDíaz-Regañón Labajo, María Aránzazu.tExilio científico republicano en Argentina.b1a. edición.dSalamanca (España) : Ediciones Universidad de Salamanca, [2016]z9788490126042 0aColección Vítor ;v393.403Digitalia Hispánicauhttps://www.digitaliapublishing.com/a/42063/ aPremium collection: 2022 cRAA 001040708DEHaBD-UINbBD-UINd2025-04-25l0r2025-04-25w2025-04-25yRAA c247009d247009